| LEADER |
00919nam0a2200241 450 |
| 001 |
16867858 |
| 010 |
|
|
|a 978-2-215-10645-6
|b Cart.
|d 6
|
| 100 |
|
|
|a 20110421d2011 u u0frey01 ba
|
| 101 |
0 |
|
|a fre
|
| 102 |
|
|
|a FR
|
| 200 |
0 |
|
|a Paris
|f conception Emilie Beaumont
|g texte Sabine Boccador
|
| 207 |
|
1 |
|a
|
| 210 |
|
|
|a Paris
|b 31 rue de Fleurus.
|c Fleurus
|d 2011
|
| 215 |
|
|
|a 1 vol. (27 p.-2 pl.)
|c illustrations en noir et en couleur, cartes
|d 30 x 24 cm
|
| 225 |
1 |
|
|a La grande imagerie
|x 1264-1790
|
| 330 |
|
|
|a Des photographies pour visiter les quartiers et les monuments de la capitale.
|
| 607 |
|
|
|a Paris (France)
|x Ouvrages pour la jeunesse
|
| 676 |
|
|
|a 914.43
|
| 700 |
|
0 |
|a Beaumont
|b Emilie
|f 1948-....
|4 70
|
| 701 |
|
0 |
|a Boccador
|b Sabine
|f 1965-....
|4 70
|
| 900 |
|
|
|a Documentaire
|
| 901 |
|
|
|a Jeunesse
|
| 995 |
|
|
|a Médiathèque
|c Médiathèque
|f 00156007449564
|h 00156007449564
|k E 914.43 BEA
|o p
|q j
|r az
|e Médiathèque
|